000 00413pab a2200169 454500
008 180718b2008 xxu||||| |||| 00| 0 eng d
100 _aMalhotra, Neena
245 _aImports - growth relationship in India: causality analysis
260 _c2008
300 _ap.141-50.
362 _aApr
650 _aExports/Imports
700 _aMeenu
773 _aAsian Economic Review
908 _aN
909 _a78606
999 _c78606
_d78606